European retail property (Record no. 107259)

MARC details
000 -LEADER
fixed length control field 01490cad a22002415a 4500
001 - CONTROL NUMBER
control field L138838
008 - FIXED-LENGTH DATA ELEMENTS--GENERAL INFORMATION
fixed length control field 070716s2007 xxkd f 000 0 eng d
035 ## - SYSTEM CONTROL NUMBER
System control number (Sirsi) u138838
041 0# - LANGUAGE CODE
Language code of text/sound track or separate title eng
050 04 - LIBRARY OF CONGRESS CALL NUMBER
Classification number 711.552 $2 18
110 2# - MAIN ENTRY--CORPORATE NAME
Corporate name or jurisdiction name as entry element King Sturge
9 (RLIN) 3877
245 00 - TITLE STATEMENT
Title European retail property
Remainder of title rich playing field or minefield?
Medium [electronic resource]
260 ## - PUBLICATION, DISTRIBUTION, ETC.
Place of publication, distribution, etc. [S.l.]
Name of publisher, distributor, etc. King Sturge
Date of publication, distribution, etc. 2007
490 #0 - SERIES STATEMENT
Series statement King Sturge European Retail Property
Volume/sequential designation 2007
520 ## - SUMMARY, ETC.
Summary, etc. This in depth review of Europe's retail property market reveals that Europe is still a continent of big opportunity. Central European countries are now at different stages of maturity, led by Hungary, the Czech Republic and Poland. In Western Europe, the UK, France and Sweden have mature and competitive markets, followed by Portugal, Denmark, Ireland and Greece who are experiencing high growth. Reports that the UK, France and Germany account for almost 50% of shopping centre floorspace, with the UK having the largest existing supply (15 million m2) of floorspace and around 4.7 million m2 of new in-town retail development planned by 2012.
590 ## - LOCAL NOTE (RLIN)
Local note KA
650 24 - SUBJECT ADDED ENTRY--TOPICAL TERM
Topical term or geographic name entry element KING STURGE EUROPEAN RETAIL PROPERTY
651 #4 - SUBJECT ADDED ENTRY--GEOGRAPHIC NAME
Geographic name Europe
690 ## - LOCAL SUBJECT ADDED ENTRY--TOPICAL TERM (OCLC, RLIN)
Topical term or geographic name as entry element PROPERTY-COMMERCIAL PROPERTY-COMMERCIAL PROPERTY MARKET
690 ## - LOCAL SUBJECT ADDED ENTRY--TOPICAL TERM (OCLC, RLIN)
Topical term or geographic name as entry element PROPERTY-COMMERCIAL PROPERTY-RETAIL PROPERTY
856 40 - ELECTRONIC LOCATION AND ACCESS
Uniform Resource Identifier <a href="https://www.kingsturge.com/">https://www.kingsturge.com/</a>
Public note View the research report free of charge (registration required) at www.kingsturge.com...
942 ## - ADDED ENTRY ELEMENTS (KOHA)
Suppress in OPAC 0
Holdings
Withdrawn status Lost status Source of classification or shelving scheme Damaged status Not for loan Home library Current library Shelving location Date acquired Total Checkouts Full call number Barcode Date last seen Copy number Price effective from Koha item type
    Dewey Decimal Classification     Virtual Virtual Online 16/07/2007   ONLINE PUBLICATION 138838-2001 06/08/2019 1 06/08/2019 Book